[Event "World Amateur-ch U2000"]
[Site "Cagliari"]
[Date "2018.04.27"]
[Round "7"]
[White "Grigore, Adrian"]
[Black "Boorchi, Byaruuzana"]
[Result "0-1"]
[WhiteElo "1781"]
[BlackElo "1923"]
[PlyCount "80"]
[EventDate "2018.04.22"]
[EventType "swiss"]
[EventRounds "9"]
[EventCountry "ITA"]
[SourceTitle "CBM 184 Extra"]
[Source "ChessBase"]
[SourceDate "2018.06.28"]
[SourceVersion "1"]
[SourceVersionDate "2018.06.28"]
[SourceQuality "1"]

1. d4 d5 2. c4 c6 3. Nc3 Nf6 4. Nf3 e6 5. Bg5 Be7 6. e3 0-0 7. Bd3 h6 8. Bh4 Nbd7 9. 0-0 dxc4 10. Bxc4 b5 11. Bd3 a6 12. Rc1 Bb7 13. Re1 Rc8 14. Bb1 c5 15. Ne5 Nxe5 16. dxe5 Nd5 17. Qc2 g6 18. Bxe7 Nxe7 19. Rcd1 Qc7 20. f4 Rfd8 21. h4 Nf5 22. Qf2 b4 23. Ne4 Bxe4 24. Bxe4 Rxd1 25. Rxd1 Rd8 26. Rxd8+ Qxd8 27. Bxf5 gxf5 28. Qc2 Qd5 29. b3 a5 30. Kf2 Kf8 31. h5 Ke8 32. Qe2 Kf8 33. Qb5 Qd2+ 34. Kf3 Qxa2 35. Qxc5+ Kg7 36. Qe7 Qxb3 37. Qf6+ Kg8 38. Qxh6 Qd1+ 39. Kg3 Qg4+ 40. Kf2 Qg7 0-1

[Event "World Amateur-ch U2000"]
[Site "Cagliari"]
[Date "2018.04.22"]
[Round "1"]
[White "Grigore, Adrian"]
[Black "Hurtado Oldridge, Felipe"]
[Result "0-1"]
[WhiteElo "1781"]
[BlackElo "1928"]
[PlyCount "90"]
[EventDate "2018.04.22"]
[EventType "swiss"]
[EventRounds "9"]
[EventCountry "ITA"]
[SourceTitle "CBM 184 Extra"]
[Source "ChessBase"]
[SourceDate "2018.06.28"]
[SourceVersion "1"]
[SourceVersionDate "2018.06.28"]
[SourceQuality "1"]

1. d4 f5 2. c4 Nf6 3. g3 e6 4. Bg2 Be7 5. Nf3 0-0 6. b3 d5 7. Ba3 Nbd7 8. Bxe7 Qxe7 9. Nbd2 Ne4 10. 0-0 b6 11. Rc1 Qd6 12. Qc2 c5 13. e3 Ba6 14. Rfd1 Rac8 15. Qb2 cxd4 16. exd4 Ndf6 17. Nxe4 fxe4 18. Ne5 Rfd8 19. Bf1 Bb7 20. Qd2 Bc6 21. c5 bxc5 22. Rxc5 Be8 23. Rdc1 Rxc5 24. Rxc5 Rb8 25. Qc3 h6 26. Be2 Kh7 27. b4 Nd7 28. Nxd7 Bxd7 29. a3 a6 30. Rc7 Ba4 31. Qc5 Rb6 32. h4 Kg6 33. g4 Bb5 34. Bxb5 axb5 35. Ra7 Rc6 36. Qxb5 Rc1+ 37. Kg2 Qf4 38. h5+ Kh7 39. Qe2 Rc3 40. b5 Rf3 41. b6 Qxg4+ 42. Kf1 Qxh5 43. Ke1 Qg5 44. Kf1 Rh3 45. f4 Qxf4+ 0-1

[Event "World Amateur-ch"]
[Site "Iasi"]
[Date "2013.04.30"]
[Round "9"]
[White "Rafee, Mohd Hayel"]
[Black "Grigore, Adrian"]
[Result "1-0"]
[WhiteElo "1909"]
[BlackElo "1775"]
[PlyCount "64"]
[EventDate "2013.04.22"]
[EventType "swiss"]
[EventRounds "9"]
[EventCountry "ROU"]
[SourceTitle "CBM 154 Extra"]
[Source "ChessBase"]
[SourceDate "2013.06.25"]
[SourceVersion "2"]
[SourceVersionDate "2013.06.25"]
[SourceQuality "1"]

1. e4 c5 2. Nc3 e6 3. f4 Nc6 4. Nf3 a6 5. g3 Qc7 6. Bg2 b6 7. 0-0 Bb7 8. Re1 0-0-0 9. d3 f6 10. Be3 d5 11. exd5 exd5 12. d4 c4 13. b3 Bb4 14. Qd2 Na5 15. Rac1 Nh6 16. a3 Bd6 17. b4 Nc6 18. b5 Na5 19. bxa6 Ba8 20. Nb5 Qd7 21. Rb1 Rhe8 22. Rb2 Ng4 23. Bh3 c3 24. Nxd6+ Qxd6 25. Qxc3+ Nc4 26. Bc1 Kb8 27. Rb4 Ka7 28. a4 Rb8 29. f5 Nge3 30. a5 Bc6 31. axb6+ Rxb6 32. Qb3 Reb8 1-0